00762nai a2200181Ia 4500003000900000008004100009022002300050040001600073245006900089260008600158310001400244362002600258521006900284650004700353650003000400650005700430856009300487IN-BaIIA211028c9999 xx s 000 0 eng d a2327-4697 (Online) cIIA Library 0aIEEE Transactions on Network Science and Engineeringh[eJournal] aNew York, USAbThe Institute of Electrical and Electronics Engineers, Inc. (IEEE) aQuarterly a1(1); 2014 - Present  bSubscribed through National Knowledge Resource Consortium (NKRC) a Components, Circuits, Devices and Systems a Computing and Processing aCommunication, Networking and Broadcast Technologies uhttps://ieeexplore.ieee.org/servlet/opac?punumber=6488902yClick Here to Access eJournal